Statistics for Countries where the French may want to live

Click here to take the quiz!

General Stats

  • This quiz has been taken 36 times
  • The average score is 4 of 7

Answer Stats

Percentage of peopleCountry% Correct
13%Canada
97%
5%USA
92%
6%Australia
69%
3%New Zealand
64%
4%Greece
47%
4%Norway
39%
4%Thailand
17%

Score Distribution

Percentile by Number Answered

Percent of People with Each Score

Your Score History

You have not taken this quiz